Normal view MARC view

Entry Personal Name

Number of records used in: 3

001 - CONTROL NUMBER

  • control field: 9132

003 - CONTROL NUMBER IDENTIFIER

  • control field: DLC

005 - DATE AND TIME OF LATEST TRANSACTION

  • control field: 20220926131134.0

008 - FIXED-LENGTH DATA ELEMENTS

  • fixed length control field: 841121n| acannaab| |a aaa |||

010 ## - LIBRARY OF CONGRESS CONTROL NUMBER

  • LC control number: n 84102255

040 ## - CATALOGING SOURCE

  • Original cataloging agency: DNLM
  • Transcribing agency: DLC
  • Modifying agency: DLC

100 10 - HEADING--PERSONAL NAME

  • Personal name: Walstra, Pieter

400 10 - SEE FROM TRACING--PERSONAL NAME

  • Control subfield: nnaa
  • Personal name: Walstra, P.

400 10 - SEE FROM TRACING--PERSONAL NAME

  • Personal name: Walstra, P.
  • Fuller form of name: (Pieter)

670 ## - SOURCE DATA FOUND

  • Source citation: Food science and technology (Marcel Dekker, Inc.). Food science and technology, 12 (c1984):
  • Information found: t.p. (Pieter Walstra, Dept. of Food Science, Wageningen Agricultural Univ. Wageningen, The Netherlands)

670 ## - SOURCE DATA FOUND

  • Source citation: LC data base, 11-16-84
  • Information found: (hdg.: Walstra, Pieter) LC manual auth. cd. (Walstra, P.; usage: P. Walstra)

670 ## - SOURCE DATA FOUND

  • Source citation: Dairy technology, 1998:
  • Information found: CIP t.p. (P. Walstra) data sheet (b. May 18, 1931)

Powered by Koha